Welcome to CU Library Online Public Access Catalogue (OPAC)

New Perspectives on Microsoft Access 2010/ (Record no. 1068)

MARC details
000 -LEADER
fixed length control field 00616nam a22001937a 4500
003 - CONTROL NUMBER IDENTIFIER
control field OSt
005 - DATE AND TIME OF LATEST TRANSACTION
control field 20241112143829.0
008 - FIXED-LENGTH DATA ELEMENTS--GENERAL INFORMATION
fixed length control field 241112b |||||||| |||| 00| 0 eng d
020 ## - INTERNATIONAL STANDARD BOOK NUMBER
International Standard Book Number 9780538470964
040 ## -
-- .
050 ## - LIBRARY OF CONGRESS CALL NUMBER
Classification number QA76.9
Item number .D3 A339333
100 ## - MAIN ENTRY--PERSONAL NAME
Personal name Adamski, Joseph J.
245 ## - TITLE STATEMENT
Title New Perspectives on Microsoft Access 2010/
Remainder of title comprehensive
Statement of responsibility, etc. Joseph J. Adamski & Kathleen T. Finnegan
260 ## - PUBLICATION, DISTRIBUTION, ETC.
Place of publication, distribution, etc. Australia
Name of publisher, distributor, etc. Course Technology Cengage Learning
Date of publication, distribution, etc. 2011
300 ## - PHYSICAL DESCRIPTION
Extent xvi. various pagings
Other physical details ill. color
Dimensions 27.5cm
650 ## - SUBJECT ADDED ENTRY--TOPICAL TERM
Source of heading or term Microsoft Office Access
700 ## - ADDED ENTRY--PERSONAL NAME
Personal name Finnegan, Kathleen T.
942 ## - ADDED ENTRY ELEMENTS (KOHA)
Source of classification or shelving scheme Library of Congress Classification
Koha item type Books
Suppress in OPAC No
999 ## -
-- 1068
-- 1068
Holdings
Withdrawn status Lost status Source of classification or shelving scheme Damaged status Not for loan Collection Home library Current library Shelving location Date acquired Total checkouts Full call number Barcode Date last seen Copy number Price effective from Koha item type
    Library of Congress Classification     Non-fiction Science Library (Miotso) Science Library (Miotso) General stacks 11/12/2024   QA76.9 .D3A339333 ADA SLM00000543 11/12/2024 1 11/12/2024 Books
    Library of Congress Classification     Non-fiction Science Library (Miotso) Science Library (Miotso) General stacks 11/12/2024   QA76.9 .D3A339333 ADA SLM00000544 11/12/2024 2 11/12/2024 Books
    Library of Congress Classification     Non-fiction Science Library (Miotso) Science Library (Miotso) General stacks 11/12/2024   QA76.9 .D3A339333 ADA SLM00000545 11/12/2024 3 11/12/2024 Books
    Library of Congress Classification     Non-fiction Science Library (Miotso) Science Library (Miotso) General stacks 11/12/2024   QA76.9 .D3A339333 ADA SLM00000546 11/12/2024 4 11/12/2024 Books
    Library of Congress Classification     Non-fiction Science Library (Miotso) Science Library (Miotso) General stacks 11/12/2024   QA76.9 .D3A339333 ADA SLM00000547 11/12/2024 5 11/12/2024 Books
© 2023-2024 Copyright: Central University Libraries. All Rights Reserved | Created by: Mahone Tech Office